[Event "Moscow Tal Memorial 7th"]
[Site "Moscow"]
[Date "2012.06.09"]
[Round "2"]
[White "Caruana, Fabiano"]
[Black "Nakamura, Hikaru"]
[Result "1/2-1/2"]
[WhiteElo "2770"]
[BlackElo "2775"]
[Annotator "Krasenkow,M"]
[PlyCount "214"]
[EventDate "2012.06.08"]
[EventType "tourn"]
[EventRounds "9"]
[EventCountry "RUS"]
[EventCategory "22"]
[SourceTitle "CBM 149"]
[Source "ChessBase"]
[SourceDate "2012.07.17"]
[SourceVersion "1"]
[SourceVersionDate "2012.07.17"]
[SourceQuality "1"]

1. d4 d5 2. c4 dxc4 3. Nf3 a6 4. a4 Nf6 5. e3 e6 6. Bxc4 b6 {This move order
is a kind of positional challenge. Black delays ...c7-c5 in favour of quick
development. He can face problems if White stops ...c7-c5 altogether. However,
in the present game Black's concept works perfectly.} 7. O-O Bb7 8. Qe2 (8. Nc3
{here or on move 9 is more common}) 8... Nbd7 9. Rd1 Bb4 $146 {[%mdl 8]} (9...
c5 10. Nc3 {still leads to a common theoretical position.}) (9... Qb8 10. b3 (
10. e4 $5 Bxe4 11. d5) 10... c5 11. Nc3 cxd4 12. exd4 Bb4 13. Bb2 O-O $11 {
1-0 Jolly,J (2392)-Guliyev,N (2534)/Elancourt 2009/CBM 129 Extra (71)}) 10. Bd2
(10. Nc3 $5) (10. Bd3 $5 {[%cal Ye3e4]} c5 11. Bd2) 10... Bd6 $1 {As often
happens in various openings, the "development" of White's bishop to d2 rather
disrupts the harmony of his setup.} 11. Nc3 (11. Bc3 $5 O-O 12. Nbd2 {looks
more logical although Black has hardly any problems after} c5 ({or} 12... Nd5))
11... c5 12. e4 cxd4 13. Nxd4 Qb8 (13... Qc7 $143 14. Bxe6 $1) (13... O-O {
was, however, more solid, e.g.} 14. f4 Nc5 $1 15. e5 Bxe5 16. Nxe6 Nxe6 17.
fxe5 Qd4+ 18. Be3 Qxe5 19. Bxb6 Qg5 $1 20. Bxe6 fxe6 21. Qxe6+ Rf7 22. Qh3 Nh5
$44) 14. g3 {Here, too, the piece sacrifice deserved serious attention:} (14.
Bxe6 $1 fxe6 15. Nxe6 $44 {[%csl Re8]}) 14... O-O 15. f3 {Perhaps too early.} (
15. Rac1) (15. Ba2) 15... Ne5 16. Bb3 Bc5 17. Be3 Qc7 18. Rd2 h6 19. Rad1 Rad8
20. Bf2 g5 $15 {Black has obtained a "dream QGA" position. The most important
thing is that White's king is unsafe. However, White plays accurately, and
Black never gets real winning chances.} 21. h3 Ng6 22. Bc4 Ne5 23. Kg2 Qc8 24.
Bb3 Kh8 25. Nc2 Rxd2 26. Qxd2 Bxf2 27. Kxf2 Qc5+ 28. Qd4 Rb8 29. Ne3 Kg7 30.
Nc4 Qxd4+ 31. Rxd4 Nc6 32. Rd2 Ba8 33. Nd6 Kf8 34. Bc4 Nb4 35. Na2 Nxa2 36.
Bxa2 Rd8 37. e5 Nd7 38. f4 gxf4 39. gxf4 a5 40. Rd4 Ke7 41. Bb1 f6 42. Nc4 Bd5
43. exf6+ Nxf6 44. Bd3 Nd7 45. Be2 Rf8 46. Bf3 Bxc4 47. Rxc4 Nc5 48. Ke3 Rd8
49. b4 axb4 50. Rxb4 Rd3+ 51. Ke2 Ra3 52. Rxb6 Rxa4 53. f5 Ra2+ 54. Ke3 Ra3+
55. Ke2 exf5 56. Rxh6 Ne6 {Well, this is not rapid chess and not WCh match
tie-break so Black's efforts eventually prove vain.} 57. Rh4 Kd6 58. Kf2 Ke5
59. Rc4 Nd4 60. Bg2 Ra2+ 61. Kf1 Rd2 62. Rc3 Kf4 63. Ra3 Kg5 64. Rg3+ Kh4 65.
Rg8 Nc2 66. Kg1 Ne1 67. Rg7 Rb2 68. Rg8 Nd3 69. Rg7 Nf4 70. Rg8 Ne6 71. Kh2 Kh5
72. Kg1 Kh6 73. Rg3 Nf4 74. Bf3 Rb3 75. Kh2 Rb2+ 76. Kg1 Ra2 77. Kh1 Ng6 78.
Bd5 Rd2 79. Bb7 Kg7 80. Rg2 Rd3 81. Kh2 Kf6 82. Rf2 Nh4 83. Be4 Re3 84. Bg2 Ke5
85. Bb7 Kf6 86. Bg2 Rc3 87. Bb7 Kg5 88. Bg2 f4 89. Bb7 Nf5 90. Be4 Ne3 91. h4+
Kf6 92. Bf3 Kf5 93. h5 Ra3 94. Rb2 Nc4 95. Rb5+ Ne5 96. Kg2 Kf6 97. Rb6+ Kg5
98. Rb5 Re3 99. Bd1 Rg3+ 100. Kf1 Re3 101. Ra5 f3 102. Kf2 Kf4 103. Ra4+ Re4
104. Rxe4+ Kxe4 105. Bxf3+ Nxf3 106. h6 Ng5 107. h7 Nxh7 1/2-1/2

[Event "Moscow Tal Memorial 7th"]
[Site "Moscow"]
[Date "2012.06.18"]
[Round "9"]
[White "Aronian, Levon"]
[Black "Caruana, Fabiano"]
[Result "1-0"]
[WhiteElo "2825"]
[BlackElo "2770"]
[Annotator "Stohl,I"]
[PlyCount "107"]
[EventDate "2012.06.08"]
[EventType "tourn"]
[EventRounds "9"]
[EventCountry "RUS"]
[EventCategory "22"]
[SourceTitle "CBM 149"]
[Source "ChessBase"]
[SourceDate "2012.07.17"]
[SourceVersion "1"]
[SourceVersionDate "2012.07.17"]
[SourceQuality "1"]

1. d4 Nf6 2. c4 g6 3. f3 d5 4. cxd5 Nxd5 5. e4 Nb6 6. Nc3 Bg7 7. Be3 O-O 8. Qd2
Nc6 9. O-O-O Qd6 $5 {Increasing piece pressure against White's centre. This
alternative recently seriously competes with the more direct central blows} (
9... e5 {and}) (9... f5) 10. Kb1 (10. h4 Rd8 11. Nb5 Qd7 12. h5 a6 13. Nc3 Bxd4
(13... Nxd4 14. hxg6 fxg6 15. g4 Qc6 (15... e5 $5 16. Qh2 h6 $11) 16. Qf2 Ne6
17. Rxd8+ Nxd8 18. Nge2 Nf7 19. Qh4 h6 20. Qxe7 Qd7 21. Qxd7 Bxd7 22. Bg2 Nc4
$132 {Grischuk,A (2760)-Mamedyarov,S (2761)/Moscow/2010/}) 14. Bxd4 Qxd4 15.
Qf4 Qf2 16. hxg6 Rxd1+ 17. Nxd1 Qc5+ 18. Nc3 hxg6 19. Qh6 Qe5 20. f4 Qg7 21.
Qh4 Be6 22. Nf3 Rd8 $15 {Pitkaenen,J (2214)-Gyger,T (2073)/corr/2007/}) (10.
Nb5 Qd7 11. Kb1 (11. h4 Rd8 {-10.h4}) (11. Na3 e5 12. d5 Nd4 13. Kb1 ({More
consistent is} 13. f4 $5 Qe7 14. fxe5 c5 $13) 13... c6 14. dxc6 bxc6 15. Qa5
Qb7 (15... Rb8 $5 $36) 16. Ne2 Rb8 17. Rd2 {Ivanchuk,V (2768)-Sutovsky,E (2700)
/Ningbo/2011/} c5 $1 $36 {/\} 18. Qxc5 $2 Na4 19. Qc1 Be6 $19) (11. d5 Ne5 12.
Qc2 c6 13. dxc6 Qxc6 14. Qxc6 bxc6 15. Nc7 Rb8 16. b3 a5 (16... f5 $5) 17. Na6
Bxa6 18. Bxa6 a4 19. Be2 axb3 20. axb3 f5 21. f4 Nf7 {Mayorga,N (2330)-Fabian,
G (2317)/Villa Martelli/2011/} 22. Bxb6 Rxb6 23. Bc4 fxe4 24. Nh3 $11) (11. Bh6
Bxh6 12. Qxh6 a6 13. Nc3 Nxd4 14. f4 c5 15. h4 (15. Nf3 f6 16. h4 $13) 15...
Qc6 (15... Qg4 $5) 16. Nf3 Qf6 $5 (16... Nxf3 17. gxf3 Qf6 18. h5 Qg7 19. Qg5
$44) 17. e5 Qg7 18. Qxg7+ Kxg7 19. Nxd4 cxd4 20. Rxd4 Be6 21. Be2 Rac8 22. Kb1
{Mamedyarov,S (2657)-Petrosian,T (2539)/Antalya/2004/} Rfd8 23. Rhd1 Rxd4 24.
Rxd4 Rc7 $11) (11. f4 Qe6 12. Nc3 Rd8 13. Nf3 Nc4 14. Qe2 Nxe3 15. Qxe3 Nb4 16.
b3 Qb6 17. a3 Nc6 18. Na4 Qa5 19. d5 Nb8 20. Qc5 Qxc5+ 21. Nxc5 c6 $15 {
Mamedyarov,S (2747)-Negi,P (2641)/Caleta/2012/}) 11... Rd8 {transposes back
into the game.}) 10... Rd8 11. Nb5 Qd7 12. d5 a6 (12... Ne5 $2 13. Qc2 c6 14.
Nxa7 {just loses material for nothing:} Rxa7 15. Bxb6 Ra8 16. Ne2 Re8 17. Nc3
Qd6 18. Be3 Bd7 19. dxc6 Qxc6 20. Bb5 Qe6 21. Bxd7 Nxd7 22. Qb3 $16 {Anand,V 
(2817)-Mamedyarov,S (2746)/Bastia rpd/2011/}) 13. Nc3 (13. dxc6 Qxd2 14. Rxd2
Rxd2 15. Bxd2 axb5 16. cxb7 Bxb7 17. Bxb5 f5 $5 18. exf5 Bd5 19. Ne2 (19. a3
Rb8 $1 $44) (19. b3 gxf5 $32 {/\} 20. Ne2 $2 Bxb3) 19... Bxa2+ 20. Kc2 gxf5 21.
b3 (21. Bc3 Bc4 22. Bxc4+ Nxc4 $11 23. Nd4 Ne3+ 24. Kd3 Nxg2 25. Nxf5 Nf4+ 26.
Kc4 Bxc3 27. bxc3 Kf7 $11 {Vitiugov,N (2729)-Giri,A (2714)/Reggio Emilia/2011/}
) 21... c5 22. Be3 c4 $1 23. Bxb6 Bxb3+ 24. Kd2 Rb8 25. Rb1 e6 26. Ke3 Ba2 $1
27. Rc1 Rxb6 28. Bxc4 Bxc4 $11 {So,W (2653)-Lou,Y (2428)/Ho Chi Minh City/2012/
}) 13... Qe8 {While engines quite like this move, it might not be necessarily
ideal.} (13... Na5 14. Bd4 (14. b3 Qd6 $132 {[%cal Yd6b4,Yb4a3]}) 14... Nbc4
15. Bxc4 (15. Qf2 $6 e5 16. Bc5 b6 17. Bb4 c5 18. Bxa5 Nxa5 19. h4 Qd6 20. h5
b5 $36 {Gustafsson,J (2647)-Mekhitarian,K (2529)/Reykjavik/2011/}) 15... Nxc4
16. Qc1 Bxd4 17. Rxd4 b5 18. Nge2 Bb7 19. b3 Nb6 20. h4 c5 21. dxc6 Qxc6 22. h5
Rxd4 23. Nxd4 Qf6 24. Qe3 Nd7 $13 {Mekhitarian}) (13... Ne5 $5 14. Bd4 Nec4 (
14... c5 15. Bxc5 Nec4 16. Qc1 Qc7 17. Bd4 $14 {is a wild idea - I doubt Black
has enough for the pawn.}) 15. Bxc4 Nxc4 {transposes to the position, which
could arise after 13...Na5.}) 14. Qe1 (14. Bh6 e6 $11 (14... Bh8 $5)) 14... Ne5
15. Be2 (15. Bd4 e6 16. f4 Nec4 (16... Ng4 $5 17. Bxg7 Kxg7 18. h3 Nf6) 17.
Bxc4 Nxc4 18. Bxg7 Kxg7 19. Nf3 b5 $13) 15... e6 (15... Nec4 $5 16. Bd4 e5 $13
(16... e6 $5 17. Bxg7 Kxg7 $132)) 16. Bxb6 $1 cxb6 17. f4 Nd7 18. dxe6 Qxe6 19.
Nf3 $5 (19. Bf3 $14 {[%cal Yc3d5] also gives White chances for an edge, as
Black must yet finish his development. Aronian gets his pieces out as fast as
possible and prefers to up the stakes with a pawn sacrifice.}) 19... Qe8 $6 ({
Caruana rejects the principled} 19... Bxc3 20. Qxc3 Qxe4+ 21. Bd3 Qxf4 22. Rhf1
$32 {White has compensation here, but now he will have an advantage without
much risk.}) 20. Qh4 Bf6 (20... Bxc3 21. bxc3 b5 (21... Qxe4+ 22. Bd3 Qe8 23.
Rde1 Qf8 24. Bc4 $18 {[%cal Rc4f7,Re1e7,Rf3g5]}) 22. Rd4 $40) 21. Ng5 Nf8 22.
Bc4 Kg7 (22... Be6 23. Bxe6 (23. Nd5 $36) 23... fxe6 24. e5 $16 {[%csl Re6,Rg8]
}) 23. Qg3 Bxg5 (23... Be6 24. Nxe6+ Nxe6 25. e5 Rxd1+ 26. Rxd1 Bd8 27. Ne4 $40
{[%cal Re4d6,Rf4f5]}) 24. fxg5 $5 {[%cal Gf1f8]} Be6 25. Nd5 Bxd5 26. Bxd5 $16
{[%csl Gd5,Rf7,Rg7] White's dominant bishop gives him a large advantage.} Rd7
27. h4 Rc8 28. a3 Qd8 29. Qf2 Ne6 30. Ka2 Qe7 31. Rhf1 b5 32. Rd3 Rcc7 33. Kb1
a5 34. g4 a4 35. Rf3 Qd6 36. Rf6 {[%cal Yh4h5]} Qc5 (36... Qe5 $2 37. Rxe6 fxe6
38. Qf8#) 37. Qg3 {[%cal Yg3e5]} b4 38. axb4 (38. Qe5 Qc2+ 39. Ka1 Qc1+ $5 40.
Rxc1 Rxc1+ 41. Ka2 Rxd5 (41... b3+ 42. Bxb3 axb3+ 43. Kxb3 $19) 42. Rxg6+ Kf8
43. Qh8+ Ke7 44. Rxe6+ fxe6 45. Qf6+ $18) 38... Qc2+ (38... Qd4 39. Bxe6 (39.
Qf3 Nd8 40. h5 $18) 39... fxe6 40. h5 Qxe4+ 41. Ka1 $18) 39. Ka1 a3 40. bxa3
Rxd5 (40... Rc3 41. R6f3 Rxf3 42. Qxf3 $18) ({Somewhat more resilient was} 
40... Qd2 $142 $5 41. Rxf7+ (41. Qe5 Rc1+ 42. Rxc1 Qxc1+ 43. Ka2 Qd2+ 44. Qb2
Rxd5 45. exd5 Qxd5+ 46. Qb3 Qd2+ 47. Kb1 $16) (41. R6f2) 41... Rxf7 42. Qe5+
Kf8 43. Qh8+ Ke7 44. Rxf7+ Kxf7 45. Qf6+ Ke8 46. Qxe6+ Kd8 47. Qg8+ Kd7 48.
Qxh7+ Kc8 49. Qg8+ Kd7 50. Qe6+ Kd8 51. Qd6+ Rd7 $16) 41. exd5 Nd4 42. Rxf7+ $1
Rxf7 43. Qe5+ Kf8 44. Qb8+ Kg7 45. Rxf7+ Kxf7 46. Qxb7+ Ke8 47. Qb8+ Kd7 48.
Qa7+ Kd6 49. Qxd4 $18 Qc1+ 50. Ka2 Qc2+ 51. Qb2 Qc4+ 52. Ka1 Qxg4 (52... Qxd5
53. Qf2 $18) 53. Qf2 Kxd5 $6 54. Qc5+ (54. Qc5+ Ke4 (54... Ke6 55. Qc8+) 55.
Qc4+ $18) 1-0

[Event "Dortmund SuperGM 40th"]
[Site "Dortmund"]
[Date "2012.07.15"]
[Round "3"]
[White "Caruana, Fabiano"]
[Black "Fridman, Daniel"]
[Result "1-0"]
[WhiteElo "2775"]
[BlackElo "2655"]
[Annotator "Postny,E"]
[PlyCount "103"]
[EventDate "2012.07.13"]
[EventType "tourn"]
[EventRounds "9"]
[EventCountry "GER"]
[EventCategory "19"]
[SourceTitle "CBM 150"]
[Source "ChessBase"]
[SourceDate "2012.09.14"]
[SourceVersion "1"]
[SourceVersionDate "2012.09.14"]
[SourceQuality "1"]

1. e4 c6 2. d4 d5 3. e5 Bf5 4. Nf3 e6 5. Be2 c5 6. Be3 cxd4 (6... Qb6 {is a
more principled, but also a more risky line which I played against Fabiano a
couple of weeks before this game.}) 7. Nxd4 Ne7 8. Nd2 {Currently the main
line.} ({The line} 8. c4 Nbc6 9. Qa4 a6) ({as well as} 8. Bg5 Qd7 9. Bxe7 Bxe7
10. Nxf5 exf5 {proved to be harmless for Black.}) 8... Nbc6 9. N2f3 Be4 {
The most fashionable continuation. In general Black wishes to get rid of this
bishop in one way or another.} 10. O-O Ng6 (10... Bxf3 11. Nxf3 {The main
defender of this position is Czech grandmaster Viktor Laznicka. Here is the
most recent example from his match against Alexey Shirov:} Qc7 12. c4 dxc4 13.
Bxc4 Nf5 14. Bf4 Be7 15. Bd3 O-O 16. Qe2 Rfd8 17. Rac1 Qa5 18. a3 Ncd4 19. Nxd4
Rxd4 20. g3 Qd5 21. Bxf5 exf5 22. Rfd1 Rxd1+ 23. Qxd1 Qxd1+ 24. Rxd1 Kf8 25.
Rd7 $14 {1/2-1/2 Shirov,A (2706)-Laznicka,V (2683)/Novy Bor 2012/CB32_2012 (41)
}) 11. Nd2 $5 {Very rare. Caruana deviates from his own game versus Laznicka
where he was suffering. However, perhaps 11.Bb5 is a preferable way to fight
for an advantage.} (11. Nxc6 bxc6 12. Ng5 Be7 13. Nxe4 dxe4 14. Qd4 Qd5 15. Bh5
Nxe5 16. Rad1 O-O 17. Qc3 Qb5 18. a4 Qb8 19. Kh1 Bf6 $15 {1/2-1/2 Caruana,F 
(2714)-Laznicka,V (2681)/New Delhi 2011/CBM 143 (59)}) (11. Bb5 Bxf3 12. Nxf3
Be7 (12... Qa5 $5 {is yet to be tried.}) 13. c4 O-O 14. cxd5 exd5 15. Qb3 Qd7
16. Rfd1 $14 {1/2-1/2 Zhigalko,S (2649)-Ipatov,A (2561)/Plovdiv 2012/CB13_2012
(40)}) 11... Ngxe5 {Black got the extra pawn, but not for very long.} 12. Nxe4
dxe4 13. c3 Bd6 $1 $146 {[%mdl 8] Very sensible novelty, considering that
Black is still behind in development. So far very few games reached this
position. The development of the line goes on.} (13... Nxd4 14. Bxd4 Bd6 15.
Qa4+ (15. Bxe5 Bxe5 16. Qa4+ Ke7 17. Qxe4 Qc7 18. g3 $14) 15... Nc6 16. Rfd1
Qc7 17. Bxg7 Bxh2+ 18. Kf1 Rg8 19. Bh6 f5 20. Qa3 Kf7 $13 {1-0 Zhigalko,S 
(2671)-Guidarelli,L (2446)/Cappelle la Grande 2011/CBM 141 Extra (36)}) 14. Qa4
({The immediate} 14. Qb3 $6 {is met by} Qh4 $1) 14... Qa5 15. Qb3 Bc7 $5 {
This is not a pawn blunder, there will be an exchange of b-pawns.} ({A serious
alternative is} 15... Qd5 {This is also a way to defend Pb7. The following
variations confirm that Black is okay.} 16. Nxc6 (16. Qxb7 $4 Nxd4 17. Qxd5
Nxe2+ 18. Kh1 exd5 $19) (16. Rfd1 Qxb3 17. axb3 O-O-O 18. Ra4 Bc7 19. Nxc6
Rxd1+ 20. Bxd1 Nxc6 21. Rxe4 f5 22. Ra4 (22. Rxe6 $2 Kd7 {trapping the rook.})
22... Rd8 23. Be2 Bb6 $11) 16... Qxb3 (16... Nxc6 $6 17. Qxb7 Nd4 18. Qa6 Nxe2+
19. Qxe2 $14) 17. axb3 Nxc6 18. b4 Ke7 19. b5 Ne5 20. Ra4 (20. Rxa7 $6 Rxa7 21.
Bxa7 Nd3 22. Bxd3 exd3 23. Rd1 Ra8 $15) 20... f5 21. Rfa1 Nd3 22. Bxd3 exd3 23.
Rd1 a6 24. bxa6 Rxa6 25. Rxa6 bxa6 26. Rxd3 e5 $11) 16. Qxb7 Rb8 17. Qa6 (17.
Nxc6 $6 Rxb7 18. Nxa5 Rxb2 $1 {[%csl Ra5,Re2] Black will get back the piece on
the next move.}) 17... Nxd4 18. Bxd4 Qxa6 19. Bxa6 Rxb2 20. Rfb1 Rxb1+ 21. Rxb1
Kd7 $1 ({The engine insists on castling:} 21... O-O $6 {but, for a human
player this move is weird. In an endgame the king should be in the centre!} 22.
Rb7 Bd6 23. Bxa7 $14) 22. a4 {Now the Pa4 is indirectly protected by the
bishop and Black's Pa7 is hanging.} (22. Bxa7 $2 Ra8 23. Rb7 $2 (23. Bb5+ Kc8
24. Bd4 Rxa2) 23... Kc6) (22. Rb7 Nc6 23. Bxg7 Rb8 24. Bf6 Kd6 25. Kf1 Na5 26.
Rxb8 Bxb8 {[%cal Ga5c6,Gc6e5] I believe Black should hold this position fairly
easily.}) 22... Nc6 {A difficult choice as Black has to part with his extra
pawn.} ({After} 22... f5 $6 23. Bxa7 Nd3 24. Bb7 {The a-pawn will become a
factor in the position.}) 23. Bxg7 Rb8 ({I prefer} 23... Rg8 24. Bh6 Bb6 {
The bishop is active and also blocks the b-file.}) 24. Bb5 {Of course, White
should keep the rooks if he wants to keep his initiative going.} Bd6 25. Rd1
Kc7 26. Bh6 Be5 $6 {The threat to Pc3 is imaginary. Instead Black should have
activated his knight.} (26... Ne5 $1 27. Be3 (27. h3 Nd3 28. Bxd3 exd3 29. Kf1
Rb2 $44) 27... a6 $1 (27... Ng4 $2 28. Bxa7) 28. Bxa6 Ng4 29. Bd4 e5 30. Be3
Nxe3 31. fxe3 Bc5 32. Bb5 Rd8 {Opposite coloured bishops promise Black half a
point.}) 27. Be3 f5 28. g3 Bd6 $6 {A loss of tempi.} (28... Rd8 29. Rb1 (29.
Rxd8 Nxd8 30. Bxa7 Bxc3 {The exchange of rooks increases Black's chances to
hold.}) 29... Rb8 {[%cal Ga7a6]} 30. Re1 {White is pressing, but will have to
find a plan to progress.}) 29. c4 {Now White is clearly better as the position
is open enough for the bishops to show their strentgh. White's seemingly weak
pawns on the queenside can't really be targeted.} Ra8 {[%cal Ga7a6]} 30. a5 $1
e5 $6 {This move can't be approved of either as it weakens the light squares.}
({The pawn is taboo:} 30... Nxa5 $4 31. c5 Be5 32. Rd7+ Kc8 33. c6 $18) (30...
Rd8 {hoping for} 31. Bxc6 $2 (31. a6 $1 {keeping the advantage.}) 31... Kxc6
32. Bxa7 Ra8 33. Bb6 Bc5 34. Rd8 Rxd8 35. Bxd8 Kb7 {I don't see how White can
win here.}) 31. c5 (31. Bb6+ $2 axb6 32. axb6+ Kb7 $1 33. Rxd6 Nd4 {would
allow Black to get back into the game.}) 31... Bf8 32. Rd5 Re8 33. a6 Re6 {
The movements of Black's rook are not very effective, but it's much easier to
criticise than to offer an improvement.} (33... Re7 {[%cal Ge7d7]} 34. Rd6 Nd4
35. Bxd4 exd4 36. Rxd4 {is not a relief for Black.}) 34. Kg2 Bg7 35. Bd2 Rg6
36. h4 $1 h5 {In bad position all moves are bad - this is the case here.} 37.
Kf1 Re6 38. Be2 $6 (38. Ba5+ $1 {This surprising check could win by force.}
Nxa5 39. Rd7+ Kb8 40. Rxg7 $18) 38... Nd4 39. Rd6 Rxd6 40. cxd6+ Kxd6 41. Bxh5
Kc6 (41... Ke6 {was more stubborn, but after} 42. g4 {White has every chance
to finish the game victoriously.}) 42. Be2 Nxe2 43. Kxe2 Kb5 44. h5 Kxa6 45. h6
Bf8 46. h7 Bg7 47. g4 $1 {Breaking the barrier of Black's pawns.} fxg4 {
For the moment Black is two pawns up, but he is completely lost. The White
king penetrates and the h-pawn decides the outcome.} (47... f4 48. Bb4 Kb5 49.
Bf8 Bh8 50. g5 $18) 48. Ke3 Kb5 49. Kxe4 Kc6 50. Kf5 e4 51. Kxe4 Kd7 52. Kf5 (
52. Kf5 Ke8 53. Kg6 Bd4 54. Bh6 $18 {[%cal Gh6g7]}) 1-0